000 00609nam a2200229Ia 4500
005 20260429112222.0
008 260429s9999||||xx |||||||||||||| ||und||
020 _a9789389117714
041 _aEnglish
082 _a121.0954
_bPHO
100 _aPhougat, Sunil
245 0 _aIndian knowledge systems :
_btraditional farming in Bharata /
_cSunil Phougat
250 _a1st ed.
260 _aNew Delhi :
_bCity Publication,
_c2025.
300 _aviii, 258 p.; hb
650 _a Epistemology
650 _a Farming
650 _a India
650 _a Knowledge
650 _aPhilosophy
942 _cTB
999 _c52955
_d52955